UK NIHL Division 1 North (Moralee) 2023/24 - Statistics

General Stats
  • This quiz has been taken 4 times
  • The average score is 8 of 9
Answer Stats
Answer % Correct
Billingham Stars
100%
Blackburn Hawks
100%
Sheffield Scimitars
100%
Whitley Warriors
100%
Widnes Wild
100%
Deeside Dragons
75%
Nottingham Lions
75%
Solihull Barons
75%
Solway Sharks
50%
No matching quizzes found
Score Distribution
Percent of People with Each Score
Percentile by Number Answered
Your Score History
You have not taken this quiz